Environment directory of India / (Record no. 134014)

MARC details
000 -LEADER
fixed length control field 00693nam a22002177a 4500
005 - DATE AND TIME OF LATEST TRANSACTION
control field 20170124110219.0
010 ## - LIBRARY OF CONGRESS CONTROL NUMBER
LC control number A-689056
020 ## - INTERNATIONAL STANDARD BOOK NUMBER
Terms of availability 00.00
035 ## - SYSTEM CONTROL NUMBER
System control number A-689056
037 ## - SOURCE OF ACQUISITION
Source of stock number/acquisition Cen Lib/Ret
040 ## - CATALOGING SOURCE
Original cataloging agency DPL
Language of cataloging EN
082 ## - DEWEY DECIMAL CLASSIFICATION NUMBER
Classification number 363.7025
Item number EVN
245 ## - TITLE STATEMENT
Title Environment directory of India /
Statement of responsibility, etc edited by R. K. Trivedy
260 ## - PUBLICATION, DISTRIBUTION, ETC. (IMPRINT)
Name of publisher, distributor, etc Enviro Media
Place of publication, distribution, etc Karad
Date of publication, distribution, etc 1990
270 ## - ADDRESS
City Karad
Address Post Box 90
Postal code 415110
300 ## - PHYSICAL DESCRIPTION
Extent 281p.
Dimensions 22cm(Hb)
650 ## - SUBJECT ADDED ENTRY--TOPICAL TERM
Topical term or geographic name as entry element Environmental engineering -- India -- Directories
9 (RLIN) 39536
650 ## - SUBJECT ADDED ENTRY--TOPICAL TERM
Topical term or geographic name as entry element Environmental protection -- India -- Societies, etc. -- Directories
9 (RLIN) 39537
700 ## - ADDED ENTRY--PERSONAL NAME
Personal name Trivedy, R. K.
9 (RLIN) 39538
942 ## - ADDED ENTRY ELEMENTS (KOHA)
Source of classification or shelving scheme Dewey Decimal Classification
Koha item type English Books
Classification part 363.7025
Call number suffix EVN
Holdings
Withdrawn status Lost status Damaged status Not for loan Collection code Home library Current library Date acquired Source of acquisition Cost, normal purchase price Total Checkouts Full call number Barcode Date last seen Copy number Cost, replacement price Price effective from Koha item type
      Not For Loan Reference Central Library Central Library 28/07/2015 Cen Lib/Ret 0.00   363.7025 EVN A-689056 28/07/2015 1 0.00 28/07/2015 English Books

© Delhi Public Library
Hit Counter
free hit counter